[Event "Dosquebradas Fiestas del Progreso"]
[White "Bermudez Rojas, Alejandro"]
[Black "Requejo Cotrina, Oswaldo Valentin"]
[Site "Dosquebradas"]
[Round "8"]
[Result "0-1"]
[Date "2024.12.08"]
[WhiteElo "1731"]
[BlackElo "2255"]
[PlyCount "142"]
[EventDate "2024.12.04"]
[EventType "swiss"]
[EventRounds "9"]
[EventCountry "COL"]
[SourceTitle "CB50_2024"]
[SourceDate "2024.11.01"]
[SourceVersion "1"]
[SourceVersionDate "2024.11.01"]
[SourceQuality "2"]

1. e4 c5 2. Nf3 d6 3. d4 cxd4 4. Nxd4 Nf6 5. Nc3 g6 6. Be3 Bg7 7. f3 0-0 8. Bc4 Nc6 9. Qd2 Ne5 10. Bb3 Bd7 11. 0-0-0 Rc8 12. Kb1 Re8 13. h4 h5 14. g4 b5 15. gxh5 Nxh5 16. Rdg1 a5 17. a3 b4 18. axb4 axb4 19. Nd5 e6 20. Nxb4 Qa5 21. Na2 Qxd2 22. Bxd2 Nc4 23. Bc3 Bxd4 24. Bxd4 Nd2+ 25. Ka1 Nxf3 26. Rd1 Nxd4 27. Rxd4 Bc6 28. Nc3 Nf6 29. Rf1 Kg7 30. Rxd6 Rh8 31. e5 Nd7 32. Re1 Nc5 33. Ba2 Rxh4 34. Ne2 Re4 35. Rdd1 Rxe5 36. Nd4 Rxe1 37. Rxe1 Bd7 38. b4 Na6 39. b5 Nc5 40. b6 Rb8 41. Rb1 Na4 42. c4 Rxb6 43. Rxb6 Nxb6 44. c5 Na4 45. c6 Bc8 46. Bc4 Kf6 47. Nb5 Ke5 48. Na7 Nb6 49. Nxc8 Nxc8 50. Ba6 Ne7 51. c7 g5 52. c8Q Nxc8 53. Bxc8 g4 54. Bb7 Kf4 55. Kb2 Ke3 56. Kc1 Kf2 57. Kd2 g3 58. Bh1 g2 59. Bxg2 Kxg2 60. Ke3 f5 61. Kf4 Kh3 62. Kf3 e5 63. Kf2 e4 64. Ke3 Kg3 65. Ke2 f4 66. Kf1 f3 67. Kg1 e3 68. Kf1 e2+ 69. Ke1 Kg2 70. Kd2 Kf1 71. Kd3 e1Q 0-1

[Event "Dosquebradas Fiestas del Progreso"]
[White "Santos Caballero, Edna Liliana"]
[Black "Requejo Cotrina, Oswaldo Valentin"]
[Site "Dosquebradas"]
[Round "6"]
[Result "0-1"]
[Date "2024.12.07"]
[WhiteElo "1751"]
[BlackElo "2255"]
[PlyCount "68"]
[EventDate "2024.12.04"]
[EventType "swiss"]
[EventRounds "9"]
[EventCountry "COL"]
[SourceTitle "CB50_2024"]
[SourceDate "2024.11.01"]
[SourceVersion "1"]
[SourceVersionDate "2024.11.01"]
[SourceQuality "2"]

1. d4 Nf6 2. c4 g6 3. Nc3 Bg7 4. e4 0-0 5. f3 d6 6. Be3 c5 7. dxc5 dxc5 8. Qxd8 Rxd8 9. Bxc5 Nc6 10. Rd1 Be6 11. Nd5 Nd7 12. Ba3 a5 13. Bd3 Bxd5 14. cxd5 Nb4 15. Bb1 Nc5 16. b3 e6 17. dxe6 Rxd1+ 18. Kxd1 Rd8+ 19. Ke2 Nxe6 20. Bxb4 axb4 21. Nh3 Nd4+ 22. Kf2 Nb5 23. Nf4 Rd2+ 24. Ke3 Rb2 25. Rd1 Bd4+ 26. Rxd4 Nxd4 27. Bd3 Ne6 28. Nxe6 fxe6 29. Bc4 Kf7 30. g4 Rxh2 31. Kf4 h5 32. Kg3 Rxa2 33. gxh5 gxh5 34. f4 Rc2 0-1

[Event "Dosquebradas Fiestas del Progreso"]
[White "Requejo Cotrina, Oswaldo Valentin"]
[Black "Munoz Galvez, Jhon Edison"]
[Site "Dosquebradas"]
[Round "5"]
[Result "1/2-1/2"]
[Date "2024.12.06"]
[WhiteElo "2255"]
[BlackElo "2252"]
[PlyCount "100"]
[EventDate "2024.12.04"]
[EventType "swiss"]
[EventRounds "9"]
[EventCountry "COL"]
[SourceTitle "CB50_2024"]
[SourceDate "2024.11.01"]
[SourceVersion "1"]
[SourceVersionDate "2024.11.01"]
[SourceQuality "2"]

1. e4 c5 2. Nf3 d6 3. d4 cxd4 4. Nxd4 Nf6 5. Nc3 a6 6. Bg5 e6 7. f4 Nbd7 8. Qf3 Qc7 9. 0-0-0 b5 10. Bd3 Bb7 11. Rhe1 Be7 12. Nd5 Nxd5 13. exd5 Bxg5 14. fxg5 Ne5 15. Qh3 Bxd5 16. g6 0-0-0 17. gxf7 Qxf7 18. Kb1 Nxd3 19. Qxd3 Kb8 20. a4 e5 21. Nf5 Ba2+ 22. Ka1 Bc4 23. Nxd6 Qe6 24. Qa3 Bd5 25. axb5 Rxd6 26. c4 axb5 27. cxd5 Qg6 28. Qd3 Qxd3 29. Rxd3 Re8 30. Ka2 Kb7 31. Kb3 Kb6 32. Kb4 e4 33. Rd4 e3 34. Re2 Re5 35. Kc3 Kc5 36. b4+ Kb6 37. Rd3 Rexd5 38. Rxd5 Rxd5 39. Rxe3 Rg5 40. Re6+ Kc7 41. g3 Kd7 42. Ra6 Rh5 43. h4 g5 44. hxg5 Rxg5 45. Ra7+ Kc6 46. Rxh7 Rxg3+ 47. Kd4 Rg4+ 48. Kc3 Rg3+ 49. Kd4 Rg4+ 50. Kc3 Rg3+ 1/2-1/2

[Event "Dosquebradas Fiestas del Progreso"]
[White "Ducuara Alape, Ronaldo"]
[Black "Requejo Cotrina, Oswaldo Valentin"]
[Site "Dosquebradas"]
[Round "2"]
[Result "0-1"]
[Date "2024.12.05"]
[WhiteElo "1795"]
[BlackElo "2255"]
[PlyCount "68"]
[EventDate "2024.12.04"]
[EventType "swiss"]
[EventRounds "9"]
[EventCountry "COL"]
[SourceTitle "CB50_2024"]
[SourceDate "2024.11.01"]
[SourceVersion "1"]
[SourceVersionDate "2024.11.01"]
[SourceQuality "2"]

1. e4 e5 2. Nf3 Nc6 3. Bb5 a6 4. Ba4 Nf6 5. d3 b5 6. Bb3 Be7 7. c3 0-0 8. 0-0 d6 9. Re1 Na5 10. Bc2 c5 11. Nbd2 Nc6 12. Nf1 Re8 13. Ng3 Bf8 14. a4 Rb8 15. axb5 axb5 16. Be3 g6 17. Qe2 d5 18. Bg5 Bg7 19. exd5 Qxd5 20. Ne4 Nxe4 21. dxe4 Qd6 22. Red1 Qc7 23. Nd2 h6 24. Be3 Nd4 25. cxd4 exd4 26. Nb3 dxe3 27. Qxe3 c4 28. Ra7 Rb7 29. Rxb7 Bxb7 30. Nd4 Qc5 31. b4 cxb3 32. Bxb3 Rxe4 33. Qf3 Re7 34. Qg4 Qxd4 0-1

[Event "Latin Cup-A 9th"]
[White "Requejo Cotrina, Oswaldo Valentin"]
[Black "Berdayes Ason, Dylan Isidro"]
[Site "Lima"]
[Round "7"]
[Result "0-1"]
[Date "2018.02.02"]
[WhiteElo "2237"]
[BlackElo "2416"]
[PlyCount "118"]
[EventDate "2018.01.29"]
[EventType "tourn"]
[EventRounds "9"]
[EventCountry "PER"]
[SourceTitle "CBM 182 Extra"]
[Source "ChessBase"]
[SourceDate "2018.02.23"]
[SourceVersion "1"]
[SourceVersionDate "2018.02.23"]
[SourceQuality "1"]

1. e4 d6 2. d4 Nf6 3. Nc3 g6 4. f4 Bg7 5. Nf3 0-0 6. e5 dxe5 7. fxe5 Nd5 8. Bc4 Nxc3 9. bxc3 c5 10. 0-0 Bg4 11. h3 Bxf3 12. Qxf3 Nc6 13. Bxf7+ Kh8 14. Qe4 cxd4 15. Bd5 Rxf1+ 16. Kxf1 dxc3 17. Bf4 Qb6 18. Bxc6 bxc6 19. Rd1 Rf8 20. Ke2 Qb5+ 21. Rd3 Qb1 22. Rf3 Qxa2 23. Rxc3 Qa6+ 24. Rd3 Qb5 25. Be3 a5 26. Bd2 a4 27. Bc3 a3 28. Qb4 Qa6 29. Qa5 Qb7 30. Qxa3 Qb1 31. Rf3 Qxc2+ 32. Kf1 Rxf3+ 33. gxf3 h5 34. Qc5 Kh7 35. Qe3 Qh2 36. f4 c5 37. Qf3 Qc2 38. Ke1 c4 39. Bd2 Qb3 40. Ke2 Qc2 41. Qc3 Qe4+ 42. Qe3 Qf5 43. Qf3 Bh6 44. Qe3 c3 45. Qxc3 Bxf4 46. Bxf4 Qxf4 47. Qc5 Qg5 48. Qd5 Kh6 49. Qe6 h4 50. Kd1 Kh5 51. Ke2 Qg2+ 52. Kd3 Qf1+ 53. Kd4 Qf2+ 54. Kc3 Qf5 55. Qxe7 Qxh3+ 56. Kd4 Qg4+ 57. Kc5 h3 58. e6 Qg1+ 59. Kd6 Qd4+ 0-1

[Event "Latin Cup-A 9th"]
[White "Requejo Cotrina, Oswaldo Valentin"]
[Black "Vera Siguenas, Deivy Anthoni"]
[Site "Lima"]
[Round "1"]
[Result "1/2-1/2"]
[Date "2018.01.29"]
[WhiteElo "2237"]
[BlackElo "2513"]
[PlyCount "144"]
[EventDate "2018.01.29"]
[EventType "tourn"]
[EventRounds "9"]
[EventCountry "PER"]
[SourceTitle "CBM 182 Extra"]
[Source "ChessBase"]
[SourceDate "2018.02.23"]
[SourceVersion "1"]
[SourceVersionDate "2018.02.23"]
[SourceQuality "1"]

1. d4 Nf6 2. c4 e6 3. Nf3 d5 4. Nc3 Nbd7 5. Bg5 h6 6. Bh4 Be7 7. e3 0-0 8. Rc1 c5 9. Bxf6 Nxf6 10. cxd5 cxd4 11. Qxd4 Nxd5 12. Nxd5 exd5 13. Bd3 Qa5+ 14. Ke2 Bf6 15. Qc5 Qxa2 16. Rc2 b6 17. Qb4 Ba6 18. Qa3 Qxa3 19. bxa3 Rac8 20. Rhc1 Rxc2+ 21. Rxc2 Rc8 22. Rxc8+ Bxc8 23. Nd4 Bxd4 24. exd4 Kf8 25. Kd2 Ke7 26. Kc3 Bd7 27. f3 Kf6 28. g3 a5 29. Be2 Bh3 30. Kd2 Ke7 31. Ke3 Bf5 32. Kd2 Kd6 33. Kc3 Bh3 34. Kb3 g5 35. Kc3 Bd7 36. Bf1 Ba4 37. Be2 Kc6 38. Bf1 Bb5 39. Bg2 Be2 40. Kd2 Bc4 41. Bh3 Ba6 42. Bf5 Bf1 43. Kc3 Be2 44. Bg4 f5 45. Bxf5 Bxf3 46. Bd3 Kd6 47. Kd2 Ke6 48. Bb5 Be4 49. Ba6 Bb1 50. Bc8+ Kf6 51. Ba6 Bf5 52. Bb5 Bc8 53. Bd3 Bd7 54. Kc3 b5 55. Bc2 Bf5 56. Bd1 Be4 57. Bg4 Bf5 58. Be2 Bd7 59. Bd3 h5 60. Bc2 h4 61. Bd3 Kg7 62. Be2 Kg6 63. g4 Kf6 64. Kb3 Ke7 65. Kc3 Kd6 66. Kb3 Kc6 67. Kc3 Be8 68. Kb3 Bg6 69. Kc3 Be4 70. Kb3 Kb6 71. Kc3 Kc6 72. Kb3 Kb6 1/2-1/2

[Event "Lima Gran Prix IRT op"]
[White "Saldana Diaz, Juan"]
[Black "Requejo Cotrina, Oswaldo Valentin"]
[Site "Lima"]
[Round "3"]
[Result "0-1"]
[Date "2015.12.13"]
[WhiteElo "2064"]
[BlackElo "2265"]
[PlyCount "64"]
[EventDate "2015.12.12"]
[EventType "swiss"]
[EventRounds "8"]
[EventCountry "PER"]
[SourceTitle "CBM 170 Extra"]
[Source "ChessBase"]
[SourceDate "2016.02.25"]
[SourceVersion "1"]
[SourceVersionDate "2016.02.25"]
[SourceQuality "1"]

1. e4 e5 2. Nf3 Nf6 3. Nc3 Nc6 4. Bb5 Nd4 5. Bc4 Bc5 6. d3 0-0 7. Bg5 h6 8. Bh4 Nxf3+ 9. Qxf3 g5 10. Bg3 d6 11. Nd5 Nxd5 12. Bxd5 Kg7 13. h4 g4 14. Qe2 c6 15. Bb3 a5 16. a4 h5 17. f4 exf4 18. Bxf4 Qf6 19. Qd2 Qxb2 20. Bh6+ Kh7 21. Ke2 g3 22. Raf1 Bg4+ 23. Rf3 Bxf3+ 24. Kxf3 Qf6+ 25. Bf4 Qg6 26. d4 Qg4+ 27. Ke3 Rae8 28. dxc5 f5 29. e5 Rxe5+ 30. Kd3 Re4 31. Rf1 dxc5 32. Kc3 Qg7+ 0-1